| Tag |
First Indicator |
Second Indicator |
Subfields |
| LEADER |
00000cam a2200000Ia 4500 |
| 001 |
in00001664821 |
| 005 |
20151023125638.0 |
| 008 |
020107s2002 njua b 001 0 eng d |
| 010 |
|
|
|a 2002278348
|
| 020 |
|
|
|a 0130673897
|
| 020 |
|
|
|a 9780130673893
|
| 035 |
|
|
|a (OCoLC)ocm48716304
|
| 040 |
|
|
|a EEM
|c EEM
|d TXA
|d UtOrBLW
|
| 049 |
|
|
|a TXAM
|
| 050 |
0 |
0 |
|a QA427
|b .K48 2002
|
| 082 |
0 |
0 |
|a 003/.75
|2 21
|
| 100 |
1 |
|
|a Khalil, Hassan K.,
|d 1950-
|
| 245 |
1 |
0 |
|a Nonlinear systems /
|c Hassan K. Khalil.
|
| 250 |
|
|
|a 3rd ed.
|
| 264 |
|
1 |
|a Upper Saddle River, NJ :
|b Prentice Hall,
|c [2002]
|
| 264 |
|
4 |
|c ©2002
|
| 300 |
|
|
|a xv, 750 pages :
|b illustrations ;
|c 24 cm.
|
| 336 |
|
|
|a text
|b txt
|2 rdacontent
|
| 337 |
|
|
|a unmediated
|b n
|2 rdamedia
|
| 338 |
|
|
|a volume
|b nc
|2 rdacarrier
|
| 504 |
|
|
|a Includes bibliographical references (pages 725-739) and indexes.
|
| 650 |
|
0 |
|a Nonlinear theories.
|
| 994 |
|
|
|a E0
|b TXA
|
| 948 |
|
|
|a cataloged
|b h
|c 2002/2/21
|d c
|e jlanham
|f 1:15:38 pm
|
| 944 |
|
|
|a stk
|h FREQ_RECALL<wvanduin>
|m Added copy on order
|
| 999 |
|
|
|a MARS
|
| 999 |
f |
f |
|s 0e27e79a-98da-3a57-a10e-a308149a4705
|i b552295e-8dd5-3d79-90d5-38abe5d671ff
|t 0
|
| 952 |
f |
f |
|p 4_hour
|a Texas A&M University
|b College Station
|c Sterling C. Evans Library
|s Evans Media and Reserves Reserve Coll.
|d Evans: Media and Reserves (Evans 1st floor)
|t 0
|e QA427 .K48 2002
|h Library of Congress classification
|i unmediated -- volume
|m A14828504897
|
| 952 |
f |
f |
|p normal
|a Texas A&M University
|b College Station
|c Sterling C. Evans Library
|s Evans stk
|d Evans: Library Stacks
|t 0
|e QA427 .K48 2002
|h Library of Congress classification
|i unmediated -- volume
|m A14835816904
|
| 998 |
f |
f |
|a QA427 .K48 2002
|t 0
|l Evans: Library Stacks
|
| 998 |
f |
f |
|a QA427 .K48 2002
|t 0
|l Evans: Library Stacks
|